00381 a2200121 4500001001000000005001700010008004100027245005800068100002000126700002900146773006700175999001700242ART_4702920260410161850.0260409a 10aEl precio de los terrenos y el valor de sus atributos1 aMeloni, Osvaldo1 aRuiz Núñez, Fernanda0 tEconómicag- Año XLVIII, Nº 1/2 (ene./dic. 2002)wREV7541 c24917d24917